A relation of the opposition which some Baptist people met with at Norwich, 1761, by the authority and minister : when they went above ten miles to confer with the people between their meeting about the things of God, upon which opposition they went in the middle of the week on purpose to desire said minister to appoint a day to discourse with them before the people ...

Bibliographic Details
Main Author: Bolles, John, 1677-1767
Other Authors: Bolles, Joseph, 1701-1785
Format: eBook
Language:English
Series:Early American imprints. Evans (1639-1800) ; no. 8802.
Subjects:
Online Access:Evans Digital Edition

MARC

Tag First Indicator Second Indicator Subfields
LEADER 00000cam a22000001a 4500
001 in00002132221
006 m e d #
007 cr mn mmmmabba
008 850501s1761 ctu s 000 0 eng d
005 20260330192533.7
035 |z w001588 
035 |a MAAR8505013701B 
035 |9 mwa91-3278 
035 |a 314879 
035 |a aas03001588 
040 |a MWA  |c MWA  |e bdrb  |d UtOrBLW 
100 1 |a Bolles, John,  |d 1677-1767. 
245 1 2 |a A relation of the opposition which some Baptist people met with at Norwich, 1761, by the authority and minister :  |b when they went above ten miles to confer with the people between their meeting about the things of God, upon which opposition they went in the middle of the week on purpose to desire said minister to appoint a day to discourse with them before the people ... 
264 3 |a [New London, Conn.?] :  |b [Printed by Timothy Green?],  |c [1761] 
300 |a 24 pages ;  |c 20 cm. 
336 |a text  |b txt  |2 rdacontent 
337 |a computer  |b c  |2 rdamedia 
338 |a online resource  |b cr  |2 rdacarrier 
500 |a Caption title. 
500 |a The names of the "Baptist people" are given on page 7: John Walterhouse, Joseph Bolles, John Walterhouse, Jun., John Rogers. 
500 |a Attributed to John Bolles by Johnson; to Joseph Bolles by the Library of Congress. 
500 |a Imprint supplied by Johnson. 
510 4 |a Evans  |c 8802 
510 4 |a Trumbull, J.H. Connecticut,  |c 376 
510 4 |a Johnson, H.A. New London,  |c 731 
530 |a Microform version available in the Readex Early American Imprints series. 
533 |a Electronic text and image data.  |b [Chester, Vt. :  |c Readex, a division of Newsbank, Inc.,  |d 2002-2004.  |e Includes files in TIFF, GIF and PDF formats with inclusion of keyword searchable text.  |f (Early American imprints. First series ; no. 8802). 
500 |a Electronic resource. 
650 0 |a Rogerenes. 
700 1 |a Bolles, Joseph,  |d 1701-1785. 
752 |a United States  |b Connecticut  |d New London. 
830 0 |a Early American imprints.  |n Series I,  |p Evans (1639-1800) ;  |v no. 8802. 
856 4 1 |u http://proxy.library.tamu.edu/login?url=https://opac.newsbank.com/select/evans/8802  |y Evans Digital Edition  |t 0 
999 |a MARS 
999 f f |s 898e6b4c-a304-31b2-a585-2daf65900f14  |i 18a0811d-00f1-3944-8cbb-b5d4b61dd227  |t 0 
952 f f |a Texas A&M University  |b College Station  |c Electronic Resources  |s www_evans  |d Available Online  |t 0  |h No information provided 
998 f f |t 0  |l Available Online